Normal view
MARC view
- Golden Horn , Adventure
Entry Topical Term
001 - CONTROL NUMBER
- control field: 107922
003 - CONTROL NUMBER IDENTIFIER
- control field: NUST
005 - DATE AND TIME OF LATEST TRANSACTION
- control field: 20230127130915.0
008 - FIXED-LENGTH DATA ELEMENTS
- fixed length control field: 230127|| aca||aabn | a|a d
040 ## - CATALOGING SOURCE
- Original cataloging agency: NUST
- Transcribing agency: NUST
150 ## - HEADING--TOPICAL TERM
- Topical term or geographic name entry element: Golden Horn , Adventure
670 ## - SOURCE DATA FOUND
- Source citation: Work cat.: (NUST)186166: Brown, Francis Yeats 107921, Golden Horn /, 1932
